[Event "Sao Paulo Hebraica op 27th"]
[Site "Sao Paulo"]
[Date "2020.01.12"]
[Round "5"]
[White "Scolastici, Marcus Vinicius"]
[Black "Da Costa, Rodrigo Von Zuben"]
[Result "1-0"]
[WhiteElo "1166"]
[BlackElo "1024"]
[PlyCount "57"]
[EventDate "2020.01.10"]
[EventType "swiss"]
[EventRounds "6"]
[EventCountry "BRA"]
[SourceTitle "CBM 194 Extra"]
[Source "ChessBase"]
[SourceDate "2020.03.31"]
[SourceVersion "1"]
[SourceVersionDate "2020.03.31"]
[SourceQuality "1"]

1. e4 e5 2. Nf3 Nc6 3. Bc4 Bc5 4. c3 Nf6 5. d4 exd4 6. cxd4 Bb4+ 7. Bd2 Bxd2+ 8. Nbxd2 d5 9. exd5 Nxd5 10. 0-0 0-0 11. Re1 Bg4 12. Qc2 Qd6 13. Re4 Bf5 14. Rae1 Bxe4 15. Nxe4 Qd8 16. Neg5 Nf6 17. Bd3 Kh8 18. Nxh7 Nxh7 19. Bxh7 g6 20. Bxg6 fxg6 21. Qxg6 Rf6 22. Qh5+ Kg7 23. Ng5 Qg8 24. d5 Rh6 25. Qg4 Qxd5 26. Ne6+ Kf7 27. Qg7+ Ke8 28. Nxc7+ Kd8 29. Re8# 1-0

[Event "Sao Paulo Hebraica op 27th"]
[Site "Sao Paulo"]
[Date "2020.01.11"]
[Round "4"]
[White "Scolastici, Marcus Vinicius"]
[Black "Davidovici, Ariel Roizenblatt"]
[Result "0-1"]
[WhiteElo "1166"]
[BlackElo "1781"]
[PlyCount "74"]
[EventDate "2020.01.10"]
[EventType "swiss"]
[EventRounds "6"]
[EventCountry "BRA"]
[SourceTitle "CBM 194 Extra"]
[Source "ChessBase"]
[SourceDate "2020.03.31"]
[SourceVersion "1"]
[SourceVersionDate "2020.03.31"]
[SourceQuality "1"]

1. e4 e6 2. d4 d5 3. Nc3 Nf6 4. e5 Nfd7 5. f4 c5 6. Nf3 Nc6 7. Be3 Qb6 8. b3 Be7 9. Qd2 0-0 10. g3 f6 11. h4 fxe5 12. Nxe5 Ndxe5 13. Na4 Nf3+ 14. Kd1 Nxd2 15. Nxb6 axb6 16. Bxd2 cxd4 17. Bd3 Bf6 18. g4 e5 19. f5 e4 20. Bb5 d3 21. c4 Bxa1 22. cxd5 Nd4 23. Re1 Nxb5 24. Rxe4 Bd7 25. Re7 Rad8 26. a4 Nc3+ 27. Kc1 Ne2+ 28. Kb1 Bf6 29. Re3 Rfe8 30. Rxd3 Re4 31. g5 Be7 32. d6 Bf8 33. h5 Bxf5 34. Rd5 Rd4+ 35. Rxf5 Rxd2 36. g6 hxg6 37. hxg6 R8xd6 0-1

[Event "Sao Paulo Hebraica op 27th"]
[Site "Sao Paulo"]
[Date "2020.01.10"]
[Round "2"]
[White "Scolastici, Marcus Vinicius"]
[Black "Merguizo, Marco Antonio"]
[Result "0-1"]
[WhiteElo "1166"]
[BlackElo "1589"]
[PlyCount "63"]
[EventDate "2020.01.10"]
[EventType "swiss"]
[EventRounds "6"]
[EventCountry "BRA"]
[SourceTitle "CBM 194 Extra"]
[Source "ChessBase"]
[SourceDate "2020.03.31"]
[SourceVersion "1"]
[SourceVersionDate "2020.03.31"]
[SourceQuality "1"]

1. e4 e5 2. Nf3 Nc6 3. Bc4 Bc5 4. c3 d6 5. b4 Bb6 6. a4 a5 7. b5 Nce7 8. d4 exd4 9. cxd4 h6 10. 0-0 Ng6 11. Nc3 N8e7 12. Re1 0-0 13. Bd2 Bg4 14. h3 Bxf3 15. Qxf3 Bxd4 16. Rad1 Ne5 17. Qg3 Nxc4 18. Bxh6 Bf6 19. Nd5 Nxd5 20. Rxd5 Ne5 21. f4 Ng6 22. e5 Bh4 23. Qg4 Bxe1 24. Bxg7 Qh4 25. Qf5 Qf2+ 26. Kh1 Qf1+ 27. Kh2 Qxf4+ 28. Qxf4 Nxf4 29. Rd4 Kxg7 30. Rxf4 dxe5 31. Re4 Bb4 32. Rxe5 0-1

[Event "Sao Paulo Karman Cup"]
[Site "Sao Paulo"]
[Date "2019.08.17"]
[Round "3"]
[White "Scolastici, Marcus Vinicius"]
[Black "Parreira, Teodora Ribeiro"]
[Result "0-1"]
[WhiteElo "1094"]
[BlackElo "1567"]
[PlyCount "50"]
[EventDate "2019.08.16"]
[EventType "swiss"]
[EventRounds "6"]
[EventCountry "BRA"]
[SourceTitle "EXT 2020"]
[Source "ChessBase"]
[SourceDate "2019.10.17"]
[SourceVersion "1"]
[SourceVersionDate "2019.10.17"]
[SourceQuality "1"]

1. e4 c5 2. Nf3 g6 3. c4 Nc6 4. d4 cxd4 5. Nxd4 Nf6 6. Nc3 d6 7. Be2 Nxd4 8. Qxd4 Bg7 9. Be3 0-0 10. Rd1 Ng4 11. Qd2 Nxe3 12. Qxe3 Qa5 13. 0-0 Be6 14. Kh1 Rfc8 15. Nd5 Bxd5 16. exd5 Bxb2 17. Qxe7 Re8 18. Qxb7 Rab8 19. Qd7 Rxe2 20. Qxd6 Rd8 21. Qc6 Qb6 22. Qxb6 axb6 23. Rb1 Bd4 24. Rfd1 Bxf2 25. Rbc1 Rxa2 0-1